000 01064cam a22002891 4500
001 1903
003 BD-RjUL
005 20211208233434.0
008 751203s1954 enkad 000 0 eng
035 _a(BD-RjUL)1930
035 _a(OCoLC)1873059
040 _aDLC
_cFMU
_dOCoLC
_dUk
_dDLC
_dBD-RjUL
_beng
041 _aeng
082 _a338.942
_bCAB
_219
100 1 _aCarter, Charles Frederick.
_96281
245 1 0 _aBritish economic statistics :
_cA report /
_bC. F. Carter and A. D. Roy.
260 _aCambridge Eng :
_bUniversity Press ,
_c1954.
300 _avii, 188 p. :
_billus., tables. ;
_c24 cm.
410 2 0 _aNational Institute of Economic and Social Research.
_tEconomic and social studies.
_vno. 14.
504 _aBibliography: p. 164-169.
651 0 _aGreat Britain
_vStatistics.
_96282
651 0 _aGreat Britain
_xEconomic policy.
_96283
700 1 _aRoy, Andrew Donald
_ejoint author.
_96284
856 _uhttp://www.worldcat.org/title/british-economic-statistics/oclc/1873059&referer=brief_results
942 _2ddc
_cBK
999 _c1903
_d1903